T & M an integrated approach: (Record no. 28443)
[ view plain ]
| 000 -LEADER | |
|---|---|
| fixed length control field | 01301nam a2200397 a 4500 |
| 001 - CONTROL NUMBER | |
| control field | vtls000023008 |
| 003 - CONTROL NUMBER IDENTIFIER | |
| control field | NLI |
| 005 - DATE AND TIME OF LATEST TRANSACTION | |
| control field | 20210601182637.0 |
| 008 - FIXED-LENGTH DATA ELEMENTS--GENERAL INFORMATION | |
| fixed length control field | 101125s1995 enka 001 0 eng |
| 020 ## - INTERNATIONAL STANDARD BOOK NUMBER | |
| International Standard Book Number | 0749415614 |
| Terms of availability | Rs. 995.00 |
| 039 #9 - LEVEL OF BIBLIOGRAPHIC CONTROL AND CODING DETAIL [OBSOLETE] | |
| -- | 201011250200 |
| -- | VLOAD |
| 040 0# - CATALOGING SOURCE | |
| Original cataloging agency | NLI |
| Language of cataloging | eng |
| Transcribing agency | VERGIS-2003 |
| 041 0# - LANGUAGE CODE | |
| Language code of text/sound track or separate title | eng |
| 044 ## - COUNTRY OF PUBLISHING/PRODUCING ENTITY CODE | |
| MARC country code | enk |
| 082 04 - DEWEY DECIMAL CLASSIFICATION NUMBER | |
| Classification number | 658.562 |
| 100 1# - MAIN ENTRY--PERSONAL NAME | |
| Personal name | HO, Samuel K |
| 9 (RLIN) | 75339 |
| 245 10 - TITLE STATEMENT | |
| Title | T & M an integrated approach: |
| Remainder of title | implementing total quality through Japanese 5 - S and ISO 9000/ |
| Statement of responsibility, etc. | Samuel K H O |
| 260 ## - PUBLICATION, DISTRIBUTION, ETC. | |
| Place of publication, distribution, etc. | London: |
| Name of publisher, distributor, etc. | Kegan Page, |
| Date of publication, distribution, etc. | c1995 |
| 300 ## - PHYSICAL DESCRIPTION | |
| Extent | 292 p.: |
| Other physical details | ill.; |
| Dimensions | 21 cm. |
| 504 ## - BIBLIOGRAPHY, ETC. NOTE | |
| Bibliography, etc. note | Including bibliographical references and index |
| 650 #0 - SUBJECT ADDED ENTRY--TOPICAL TERM | |
| Topical term or geographic name entry element | Total quality management |
| 9 (RLIN) | 4550 |
| 650 #0 - SUBJECT ADDED ENTRY--TOPICAL TERM | |
| Topical term or geographic name entry element | ISO 9000 series standard |
| 9 (RLIN) | 75340 |
| 650 #0 - SUBJECT ADDED ENTRY--TOPICAL TERM | |
| Topical term or geographic name entry element | Quality control |
| 650 #0 - SUBJECT ADDED ENTRY--TOPICAL TERM | |
| Topical term or geographic name entry element | Quality circles |
| 9 (RLIN) | 75341 |
| 650 #0 - SUBJECT ADDED ENTRY--TOPICAL TERM | |
| Topical term or geographic name entry element | Problem solving |
| 887 ## - NON-MARC INFORMATION FIELD | |
| Content of non-MARC field | A. Kannan |
| 901 ## - LOCAL DATA ELEMENT A, LDA (RLIN) | |
| a | 526887 |
| b | 24/03/1996 |
| 902 ## - LOCAL DATA ELEMENT B, LDB (RLIN) | |
| a | E 658.562 H 65 |
| 903 ## - LOCAL DATA ELEMENT C, LDC (RLIN) | |
| a | 15/03/2004 |
| 904 ## - LOCAL DATA ELEMENT D, LDD (RLIN) | |
| a | A. Kannan |
| 906 ## - LOCAL DATA ELEMENT F, LDF (RLIN) | |
| a | 023419 |
| 949 ## - LOCAL PROCESSING INFORMATION (OCLC) | |
| -- | VIRTUAITEM |
| -- | 10000 |
| -- | 1 |
| -- | 100 |
| 6 | PUR000526887ENG |
| a | E 658.562 H65 |
| 942 ## - ADDED ENTRY ELEMENTS (KOHA) | |
| Source of classification or shelving scheme | Dewey Decimal Classification |
| Koha item type | Books |
| Withdrawn status | Lost status | Damaged status | Not for loan | Collection code | Home library | Current library | Shelving location | Date acquired | Total Checkouts | Full call number | Barcode | Date last seen | Price effective from | Koha item type |
|---|---|---|---|---|---|---|---|---|---|---|---|---|---|---|
| New English | National Library of India | National Library of India | New English - Main Stack Division | E 658.562 H 65 | PUR000526887ENG | 01/06/2021 | 01/06/2021 | Books |
